000 00414nam a2200181Ia 4500
008 151202s9999||||xx |||||||||||||| ||und||
082 _bPNVM-18761
100 _aGARDNER STANLEY.
245 _aMoth eaten mink.
260 _b---
260 _c0
300 _a0
600 _aGARDNER STANLEY.
630 _aMoth eaten mink.
700 _aGARDNER STANLEY.
730 _aMoth eaten mink.
942 _cBOOK
999 _c1284745
_d1284742